| 000 | 00732cam a22002295a 4500 | ||
|---|---|---|---|
| 001 | 11138861 | ||
| 005 | 20161208154540.0 | ||
| 008 | 131223t2015 moua frb 001 0 eng d | ||
| 020 | _a9781455759682 | ||
| 040 |
_aNLM _beng _cNLM _dYDXCP _dVET _dLTSCA _dEG-ScBUE |
||
| 082 | 0 | 4 |
_a617.693 _222 _bBLO |
| 100 | 1 |
_aBlock, Michael S. _932418 |
|
| 245 | 1 | 0 |
_aColor atlas of dental implant surgery / _cMichael S. Block. |
| 250 | _a4th ed. | ||
| 260 |
_aSt. Louis : _bElsevier Saunders, _cc.2015. |
||
| 300 |
_avi, 482 p. : _bill. (some col.) ; _c29 cm. |
||
| 504 | _aIncludes bibliographical references and index. | ||
| 650 | 7 |
_aDental implants _vAtlases. _2BUEsh _932419 |
|
| 651 | _2BUEsh | ||
| 653 |
_bDDent _cDecember2016 |
||
| 942 | _2ddc | ||
| 999 |
_c23543 _d23515 |
||